福井県の市町村 (2000年) - Statistics

General Stats
  • This quiz has been taken 66 times
    53 since last reset
  • The average score is 27 of 35
Answers on the Map
Answers color-coded by a green-red scale on the quiz's map according to % correct below.
 
Answer Stats
ヒント 市町村名 % Correct
福井市ふくいし
97%
敦賀市つるがし
97%
小浜市おばまし
97%
大野市おおのし
97%
鯖江市さばえし
97%
坂井郡 芦原町あわらちょう
97%
武生市たけふし
94%
勝山市かつやまし
94%
三方郡 美浜町みはまちょう
94%
大飯郡 高浜町たかはまちょう
94%
坂井郡 坂井町さかいちょう
91%
今立郡 池田町いけだちょう
89%
大飯郡 大飯町おおいちょう
89%
吉田郡 永平寺町えいへいじちょう
86%
坂井郡 丸岡町まるおかちょう
86%
三方郡 三方町みかたちょう
86%
遠敷郡 名田庄村なたしょうむら
86%
坂井郡 三国町みくにちょう
83%
南条郡 南条町なんじょうちょう
80%
丹生郡 越前町えちぜんちょう
80%
遠敷郡 上中町かみなかちょう
80%
坂井郡 春江町はるえちょう
74%
坂井郡 金津町かなづちょう
71%
今立郡 今立町いまだてちょう
69%
足羽郡 美山町みやまちょう
66%
大野郡 和泉村いずみむら
66%
南条郡 今庄町いまじょうちょう
66%
丹生郡 越廼村こしのむら
60%
吉田郡 松岡町まつおかちょう
57%
丹生郡 織田町おたちょう
54%
吉田郡 上志比村かみしひむら
49%
丹生郡 宮崎村みやざきむら
49%
丹生郡 清水町しみずちょう
49%
南条郡 河野村こうのむら
46%
丹生郡 朝日町あさひちょう
34%
No matching quizzes found
Score Distribution
Percent of People with Each Score
Percentile by Number Answered
Your Score History
You have not taken this quiz since the last reset